Music Quiz

Random Music Quiz

Brad Paisley Camouflage lyrics Quiz Stats

Quiz not verified by Sporcle

Challenge
Share
Tweet
Embed
Score 0/242 Timer 10:00
0 Plays Today
Hint % Correct
the
92.9%
the
92.9%
and
92.9%
the
92.9%
and
92.9%
a
92.9%
and
92.9%
the
92.9%
the
92.9%
and
92.9%
the
92.9%
and
92.9%
the
92.9%
the
92.9%
the
92.9%
the
92.9%
a
92.9%
a
92.9%
the
92.9%
the
92.9%
a
92.9%
a
92.9%
the
92.9%
and
92.9%
and
92.9%
a
92.9%
the
92.9%
the
92.9%
and
92.9%
and
92.9%
and
92.9%
in
89.3%
in
89.3%
in
89.3%
in
89.3%
in
89.3%
in
89.3%
Camouflage
85.7%
Camouflage
85.7%
Camouflage
85.7%
Camouflage
85.7%
Camouflage
85.7%
Camouflage
85.7%
Camouflage
85.7%
Camouflage
85.7%
Camouflage
85.7%
Camouflage
85.7%
Camouflage
85.7%
Camouflage
85.7%
Camouflage
85.7%
Camouflage
85.7%
Camouflage
85.7%
Camouflage
85.7%
Camouflage
85.7%
that
83.9%
that
83.9%
he
83.9%
he
83.9%
that
83.9%
all
80.4%
we
80.4%
we
80.4%
go
80.4%
all
80.4%
wasn't
78.6%
popular
78.6%
school
78.6%
day
78.6%
to
78.6%
to
78.6%
to
78.6%
to
78.6%
to
78.6%
to
78.6%
to
78.6%
to
78.6%
cool
76.8%
it
76.8%
it
76.8%
it
76.8%
it
76.8%
Hint % Correct
it
76.8%
into
75%
his
75%
his
75%
really
73.2%
but
73.2%
Chevy
73.2%
prom
73.2%
thought
71.4%
guy's
71.4%
pretty
71.4%
lot
71.4%
everybody
71.4%
her
71.4%
you
71.4%
her
71.4%
you
71.4%
you
71.4%
you
71.4%
you
71.4%
Kevin
69.6%
remember
69.6%
pulled
69.6%
parking
69.6%
entire
69.6%
out
69.6%
out
69.6%
cheered
67.9%
paint
67.9%
I
66.1%
well
66.1%
I
66.1%
well
66.1%
I
66.1%
well
66.1%
i
66.1%
i
66.1%
Cavalier
64.3%
mom
64.3%
knew
64.3%
how
64.3%
see
64.3%
see
64.3%
duck
62.5%
be
62.5%
be
62.5%
cause
60.7%
when
60.7%
sew
60.7%
went
60.7%
garage
58.9%
she
58.9%
made
58.9%
tux
58.9%
gown
58.9%
my
57.1%
my
57.1%
too
57.1%
my
57.1%
pulls
55.4%
matching
55.4%
is
55.4%
is
55.4%
is
55.4%
asked
53.6%
took
53.6%
only
53.6%
thing
53.6%
can
53.6%
can
53.6%
can
53.6%
can
53.6%
can
53.6%
only
53.6%
thing
53.6%
disappears
51.8%
way
51.8%
with
51.8%
way
51.8%
our
50%
our
50%
Hint % Correct
your
50%
faces
48.2%
hands
48.2%
white
48.2%
white
48.2%
white
48.2%
pictures
46.4%
favorite
46.4%
favorite
46.4%
seen
44.6%
girl
44.6%
color
44.6%
girl
44.6%
red
44.6%
color
44.6%
oak
42.9%
dance
42.9%
before
41.1%
stand
41.1%
redneck
41.1%
stand
41.1%
redneck
41.1%
green
41.1%
blend
39.3%
country
39.3%
world
39.3%
you're
39.3%
blend
39.3%
country
39.3%
world
39.3%
over
39.3%
you're
39.3%
outta
37.5%
backyard
37.5%
fashion
37.5%
fashion
37.5%
some
37.5%
blue
37.5%
black
37.5%
invisible
35.7%
invisible
35.7%
brown
35.7%
by
35.7%
by
35.7%
nothing
33.9%
doesn't
33.9%
stars
33.9%
there's
33.9%
still
33.9%
old
33.9%
tan
33.9%
ain't
32.1%
oh
32.1%
bars
32.1%
guess
32.1%
why
32.1%
show
32.1%
Southern
32.1%
irresistible
30.4%
irresistible
30.4%
folks
30.4%
pride
30.4%
patriotic
30.4%
Mother
30.4%
Nature
30.4%
God
30.4%
offend
28.6%
gray
25%
designed
25%
nowadays
21.4%
Ginny
19.6%
shoulda
19.6%
that's
19.6%
tale
16.1%
tale
16.1%
gonna
12.5%
mossey
10.7%
hurt
5.4%
such
5.4%
papa
3.6%

You're not logged in!

Compare scores with friends on all Sporcle quizzes.
Join for Free
OR
Log In

You Might Also Like...

Show Comments

Extras

Top Quizzes Today


Score Distribution

Your Account Isn't Verified!

In order to create a playlist on Sporcle, you need to verify the email address you used during registration. Go to your Sporcle Settings to finish the process.

Report this User

Report this user for behavior that violates our Community Guidelines.

Details: